Derecho internacional económico (Registro nro. 6843)

Detalles MARC
000 -LEADER
fixed length control field 01248 a2200217 4500
001 - CONTROL NUMBER
control field 59926
005 - DATE AND TIME OF LATEST TRANSACTION
control field 20260407155852.0
008 - FIXED-LENGTH DATA ELEMENTS--GENERAL INFORMATION
fixed length control field 260407a1992 arg spa d
003 - CONTROL NUMBER IDENTIFIER
control field AR-UNSa-BCEJYS
040 ## - CATALOGING SOURCE
Original cataloging agency AR-UNSa-BCEJYS
Language of cataloging spa
Transcribing agency AR-UNSa-BCEJYS
080 ## - UNIVERSAL DECIMAL CLASSIFICATION NUMBER
Universal Decimal Classification number 341
Common auxiliary subdivision Derecho internacional
020 ## - INTERNATIONAL STANDARD BOOK NUMBER
International Standard Book Number 950-20-0659-3
041 ## - LANGUAGE CODE
Language code of text/sound track or separate title spa
100 1# - MAIN ENTRY--PERSONAL NAME
Personal name Di Giovan, Ileana
245 10 - TITLE STATEMENT
Title Derecho internacional económico
Name of part/section of a work y relaciones económicas internacionales
264 #1 - PRODUCTION, PUBLICATION, DISTRIBUTION, MANUFACTURE, AND COPYRIGHT NOTICE
Place of production, publication, distribution, manufacture Buenos Aires :
Name of producer, publisher, distributor, manufacturer Abeledo Perrot
Date of production, publication, distribution, manufacture, or copyright notice 1992
300 ## - PHYSICAL DESCRIPTION
Extent 604 p.
Dimensions 23 cm.
505 ## - FORMATTED CONTENTS NOTE
Formatted contents note 1. El sistema económico internacional – 2. Ámbito material, origen y especificidad del Derecho Internacional Económico – 3. Fundamentos del Derecho Internacional Económico – 4. Los mecanismos de elaboración – 5. El marco jurídico de las relaciones comerciales internacionales – 6. El marco jurídico de las relaciones financieras internacionales – 7. Un subsistema en plena evolución: el tratamiento y gestión de la deuda externa – 8. Inversión externa – 9. Derecho tributario internacional – 10. Sanciones y esquemas coercitivos – 11. Solución de controversias de derecho internacional económico -
590 ## - LOCAL NOTE (RLIN)
Local note niveau_biblio:m niveau_hierar:0
942 ## - ADDED ENTRY ELEMENTS (KOHA)
Koha item type
Existencias
Withdrawn status Lost status Damaged status Not for loan Home library Current library Shelving location Date acquired Total checkouts Full call number Barcode Date last seen Price effective from Koha item type
        Biblioteca Prof. Eusebio Cleto del Rey Biblioteca Prof. Eusebio Cleto del Rey   07/04/2026   341 D536 L58890 07/04/2026 07/04/2026 Libro